| 000 | 00750nam a22001817a 4500 | ||
|---|---|---|---|
| 999 |
_c61168 _d61168 |
||
| 005 | 20231226170134.0 | ||
| 008 | 231226s1925 ru ||||| |||| 00| 0 rus d | ||
| 041 | _arus | ||
| 080 | _a1(091) P-67 | ||
| 245 |
_aРоль орудия в развитии человека : _bСборник статей / _cЭ. Капп, Г. Кунов, Л. Нуаре, А. Эспинас. |
||
| 264 |
_aЛенинград : _bПрибой, _c1925. |
||
| 300 |
_a191 с. : _b21 см. |
||
| 653 | _aადამიანის განვითარება | ||
| 700 |
_aКапп, Л. _eავტორი _920899 |
||
| 700 |
_aНУАРЕ, Л. _eავტორი _920900 |
||
| 700 |
_aЭСПИНАС, А. _eავტორი _920901 |
||
| 942 |
_2udc _cᲬᲘᲒᲜᲘ |
||